000
00290nam a22001337a 4500
082
_a
894.812.3
_b
RAM/V
100
_a
RAMACHANDRAN, SREEKUMARI
245
_a
VIDHAVAKALUDE GRAMAM
260
_a
ALUVA
_b
PEN BOOKS LTD
_c
1999
300
_a
126
520
_a
NOVEL
650
_a
NOVEL
942
_c
BK
999
_c
5022
_d
5022